Introduction to criminalsitics: (Record no. 516)
[ view plain ]
| 000 -LEADER | |
|---|---|
| fixed length control field | 00628nam a2200169 4500 |
| 008 - FIXED-LENGTH DATA ELEMENTS--GENERAL INFORMATION | |
| fixed length control field | 160104b xxu||||| |||| 00| 0 eng d |
| 020 ## - INTERNATIONAL STANDARD BOOK NUMBER | |
| International Standard Book Number | 9780120885916 |
| 082 ## - DEWEY DECIMAL CLASSIFICATION NUMBER | |
| Edition number | 2009 |
| Classification number | DC 363.25 |
| Item number | F53 |
| 100 ## - MAIN ENTRY--PERSONAL NAME | |
| 9 (RLIN) | 1346 |
| Personal name | Fisher, Barry A. J. |
| 245 ## - TITLE STATEMENT | |
| Title | Introduction to criminalsitics: |
| Remainder of title | the foundation of forensic science/ |
| Statement of responsibility, etc. | Barry A. J. Fisher, William J. Tilstone and Catherine Woytowics. |
| 260 ## - PUBLICATION, DISTRIBUTION, ETC. (IMPRINT) | |
| Place of publication, distribution, etc. | Amsterdam: |
| Name of publisher, distributor, etc. | Elsevier Inc., |
| Date of publication, distribution, etc. | 2009. |
| 300 ## - PHYSICAL DESCRIPTION | |
| Extent | xi, 321 pages: |
| Other physical details | illustrations; |
| Dimensions | 24 cm. |
| 500 ## - GENERAL NOTE | |
| General note | Includes appendix and index. |
| 650 #0 - SUBJECT ADDED ENTRY--TOPICAL TERM | |
| 9 (RLIN) | 1347 |
| Topical term or geographic name as entry element | Criminal investigation. |
| 700 ## - ADDED ENTRY--PERSONAL NAME | |
| 9 (RLIN) | 1349 |
| Personal name | Woytowicz, Catherine. |
| 942 ## - ADDED ENTRY ELEMENTS (KOHA) | |
| Source of classification or shelving scheme | Dewey Decimal Classification |
| Koha item type | Circulation |
| Withdrawn status | Lost status | Source of classification or shelving scheme | Damaged status | Not for loan | Collection code | Home library | Current library | Shelving location | Date acquired | Total Checkouts | Full call number | Barcode | Date last seen | Date last checked out | Price effective from | Koha item type |
|---|---|---|---|---|---|---|---|---|---|---|---|---|---|---|---|---|
| Dewey Decimal Classification | Circulation | UM Digos College - LIC | UM Digos College - LIC | Book Cart | 09/24/2010 | 3 | DC 363.25 F53 2009 | 21163 | 07/29/2022 | 03/07/2020 | 01/04/2016 | Circulation |
